Normal view
MARC view
- Sand casting
Entry Topical Term
001 - CONTROL NUMBER
- control field: 86741
003 - CONTROL NUMBER IDENTIFIER
- control field: NUST
005 - DATE AND TIME OF LATEST TRANSACTION
- control field: 20211216112259.0
008 - FIXED-LENGTH DATA ELEMENTS
- fixed length control field: 211216|| aca||aabn | a|a d
040 ## - CATALOGING SOURCE
- Original cataloging agency: NUST
- Transcribing agency: NUST
150 ## - HEADING--TOPICAL TERM
- Topical term or geographic name entry element: Sand casting
670 ## - SOURCE DATA FOUND
- Source citation: Work cat.: (NUST)540623: Ammen, C. W. 86740, The Complete Handbook of Sand Casting /, c1979.
